India's development experience
Saved in:
| Main Author: | |
|---|---|
| Format: | Book |
| Language: | Undetermined |
| Published: |
Delhi
Macmillan India
1974
|
| Subjects: | |
| Tags: |
Add Tag
No Tags, Be the first to tag this record!
|
| Institutions: | Trung tâm Học liệu Trường Đại học Cần Thơ |
|---|
| LEADER | 00536nam a2200205Ia 4500 | ||
|---|---|---|---|
| 001 | CTU_92779 | ||
| 008 | 210402s9999 xx 000 0 und d | ||
| 082 | |a 338.954 | ||
| 082 | |b S617 | ||
| 100 | |a Singh, Tarlok | ||
| 245 | 0 | |a India's development experience | |
| 245 | 0 | |c Tarlok Singh | |
| 260 | |a Delhi | ||
| 260 | |b Macmillan India | ||
| 260 | |c 1974 | ||
| 650 | |a Economic development,India | ||
| 650 | |x Economic policy | ||
| 650 | |y 1966-1974 | ||
| 904 | |i Nguyên | ||
| 980 | |a Trung tâm Học liệu Trường Đại học Cần Thơ | ||